| 000 | 00677 a2200181 4500 | ||
|---|---|---|---|
| 999 |
_c10401 _d10401 |
||
| 020 | _a9781455773855 | ||
| 050 | _aRK652.5 HAT 2016 | ||
| 100 |
_aHatrick, Carol Dixon _eauthor |
||
| 245 |
_aDental materials : _b clinical applications for dental assistants and dental hygienists / _cCarol Dixon Hatrick; W Stephan Eakle |
||
| 250 | _a3rd edition | ||
| 264 |
_aSt. Louis, Missouri : _bElsevier, _c2016 |
||
| 300 | _axiv, 370 pages : illustrations (chiefly color) ; 28 cm | ||
| 500 | _alncludes index | ||
| 650 | _aDental materials. | ||
| 650 | _aDental materials -- Examinations, questions, etc. | ||
| 700 |
_a Eakle, W. Stephan _eauthor |
||
| 942 |
_2lcc _cBK _h652.5 _iHAT _kRK |
||